| 000 | 01012cab a2200277 4500 | ||
|---|---|---|---|
| 001 | ABS56857 | ||
| 008 | 090401t1997 xxu||||| |||| 00| 0 eng d | ||
| 035 | _a(Sirsi) u77780 | ||
| 041 | _aeng | ||
| 100 | _aWilkinson, H. W. | ||
| 245 | _aRepairing badly-constructed premises | ||
| 260 | _c1997 | ||
| 350 | _a0 | ||
| 490 |
_aNew Law Journal _v147(6784) 21 March 1997, 420-421(2) |
||
| 520 | _aDiscusses "Ladbroke Hotels Ltd v Sandhu and Singh" which considered whether a tenant was liable under a repairing covenant to undertake repairs to maintain a premises through its intended life of 60 years, or simply maintain the building for the remaining 15 years of its commercial life. | ||
| 650 | _aCOMMERCIAL LIFE | ||
| 650 | _aLADBROKE HOTELS LTD V SANDHU | ||
| 650 | _aPREDICTED LIFE | ||
| 650 | _aRENT REVIEWS | ||
| 650 | _aREPAIRING COVENANTS | ||
| 650 | _aREPAIRING OBLIGATIONS | ||
| 650 | _aSTRUCTURAL LIFE | ||
| 690 | _aPROPERTY-LANDLORD AND TENANT | ||
| 942 | _n0 | ||
| 948 | _c17/04/1997 | ||
| 999 |
_c48898 _d48898 |
||